00597nam a22002057a 450000500170000001000110001702000090002803500110003703700160004804000120006408200160007624500960009226000420018827000500023030000200028065000270030065000150032770000270034270000220036920170124110011.0 a613145 c5.95 a613145 bCen Lib/Ret aDPLbEN a370.15bMOR aReadings in educational psychology /cedited by William Charles Morse [and] Glenn Max Wingo aBombaybD.B. Taraporevala Sons c1962 bBombaya210, Dr. Dadabhai Noroji Roade400001 a376p.c25cm(Hb) aEducational psychology aPsychology aMorse, William Charles aWingo, Glenn Max